Použitie kreatívneho písania v analýze a návrhu softvéru

Na minha lista:
Detalhes bibliográficos
Autor principal: Lukáč, Maroš (Author)
Outros Autores: Vranić, Valentino (Thesis advisor)
Formato: Manuscrito Livro
Idioma:eslovaco
Publicado em: 2025
Assuntos:
Acesso em linha:http://is.stuba.sk/zp/portal_zp.pl?podrobnosti=184078
Tags: Adicionar Tag
Sem tags, seja o primeiro a adicionar uma tag!

MARC

LEADER 00000ntm a22000003a 4500
001 stuzp105783
003 SK-STU
005 20250607211602.6
007 ta
008 150427s2015----xo-----f-mn---000-0-slo-d
040 |a STU  |b slo 
041 0 |a slo 
100 1 |a Lukáč, Maroš  |u 070200  |4 aut  |U FIIT Fakulta informatiky a informačných technológií  |T FIIT Ústav informatiky, informačných systémov a softvérového inžinierstva  |X 111698  |U I200  |Y 179  |7 111698 
242 0 1 |a Using Creative Writing in Software Analysis and Design  |y eng 
245 1 0 |a Použitie kreatívneho písania v analýze a návrhu softvéru 
260 |c 2025 
650 4 |a programmers block  |2 eng 
650 4 |a software stories  |2 eng 
650 4 |a creative writing techniques  |2 eng 
650 4 |a programátorský blok  |2 slo 
650 4 |a softvérové príbehy  |2 slo 
650 4 |a techniky kreatívneho písania  |2 slo 
700 1 |a Vranić, Valentino  |4 ths  |X 4235  |7 4235 
856 4 |u http://is.stuba.sk/zp/portal_zp.pl?podrobnosti=184078